| 000 | 00439nam a2200169 a 4500 | ||
|---|---|---|---|
| 005 | 20140414132134.0 | ||
| 008 | 131202s19uu xx 00 eng d | ||
| 020 | _a9781601691538 | ||
| 050 |
_aTR _bVis822 2011 |
||
| 100 | _aGaydos, Nora | ||
| 245 | _aVisit to the doctor(A). | ||
| 260 |
_aWashington ,DC : _bInnovative Kids, _c2011. |
||
| 300 | _a24 | ||
| 440 | _aNow I'm growing | ||
| 650 |
_aGrowing up- _xchildren |
||
| 999 |
_c115294 _d115294 |
||